000 00347nam a2200133Ia 4500
008 240624s9999 xx 000 0 und d
041 _aeng
082 _a658.1 HAR
100 _aHARRIS TOM
245 _aSTART UP A PRACTICAL GUIDE TO STARTING A
260 _c2006
_aNew York
_bSpringer
300 _aviii, : 165 : p. : cm. ; 23
365 _cERU
_b27
999 _c15821
_d15821